| 000 | 00608nam a22001817a 4500 | ||
|---|---|---|---|
| 003 | 0 | ||
| 005 | 20240820154650.0 | ||
| 008 | 240820b xxu||||| |||| 00| 0 eng d | ||
| 020 | _a978-1-119-24108-9 | ||
| 050 |
_aBF 353.5 _b.En58 2019 |
||
| 245 |
_aEnvironmental psychology: _ban introduction |
||
| 250 | _aSecond edition | ||
| 260 |
_aHoboken, New Jersey _bJohn Wiley & Sons Ltd. _c2019 |
||
| 300 |
_axxvii, 417 pages : _bcolored illustrations and pictures ; _c26cm. |
||
| 504 | _aIncludes bibliographical references, glossary, and index. | ||
| 650 | _aEnvironmental psychology. | ||
| 942 |
_2lcc _cBK |
||
| 999 |
_c366134 _d366134 |
||